| 000 | 00479nam a2200193Ia 4500 | ||
|---|---|---|---|
| 005 | 20230609131337.0 | ||
| 008 | 131103s9999 xx 000 0 und d | ||
| 040 | _aLoreto College | ||
| 041 | _aEnglish | ||
| 082 |
_a938 _bEHR |
||
| 100 | _aEhrenberg,Victor | ||
| 245 |
_aMan,state and deity _cVictor Ehrenberg |
||
| 260 |
_aLondon _bMethuen & Co. _c1974 |
||
| 300 | _a[5],191 p. | ||
| 504 | _aIncludes index | ||
| 650 | _aAncient History | ||
| 850 | _aLCLIB | ||
| 942 | _cBK | ||
| 999 |
_c8646 _d59125 |
||